000 00649nam a22002057a 4500
005 20251108164647.0
008 250721s1987 xx 000 0 ara d
082 1 4 _a414.2/عبا
100 1 _aعباس، فضل حسن
245 1 0 _aالبلاغة فنونها و أفنانها :
_bعلم البيان و البديع /
264 1 _aعمان :
_bدار الفرقان للنشر والتوزيع،
_c1987.
300 _a415ص.
490 0 _aبلاغتنا و لغتنا ؛ 2
650 1 7 _aاللغة العربية
650 1 7 _aالبلاغة
650 1 7 _aالبيان
650 1 7 _aالبديع
942 _2ddc
_cBK
999 _c11172
_d11172